Tropical plant diseases

Đã lưu trong:
Sonraí Bibleagrafaíochta
Príomhúdar: David H Thurston
Formáid: Leabhar
Teanga:Undetermined
Foilsithe: Minnesota American Phytopathological Society Press 1989
Ábhair:
Clibeanna: Cuir Clib Leis
Gan Chlibeanna, Bí ar an gcéad duine leis an taifead seo a chlibeáil!
Thư viện lưu trữ: Trung tâm Học liệu Trường Đại học Cần Thơ
LEADER 00519nam a2200181Ia 4500
001 CTU_12959
008 210402s9999 xx 000 0 und d
082 |a 632.3 
082 |b T544 
100 |a David H Thurston 
245 0 |a Tropical plant diseases 
245 0 |c David H Thurston 
260 |a Minnesota 
260 |b American Phytopathological Society Press 
260 |c 1989 
650 |a plant diseases,plants, protection of 
904 |i Minh, 961121 
980 |a Trung tâm Học liệu Trường Đại học Cần Thơ